| 000 | 00807nam a22002295i 4500 | ||
|---|---|---|---|
| 001 | 160814 | ||
| 003 | ES-MaACL | ||
| 005 | 20230906212130.0 | ||
| 008 | 950206s1896 sp a |||| | spa d | ||
| 040 |
_aGA _bspa _cCCPB | PA2 |
||
| 100 | 1 |
_aNovo y García, José. _9130541 |
|
| 245 | 1 | 0 |
_aPor Galicia _b: cuartillas y apuntes / _cpor José Novo y García... |
| 260 |
_aLa Coruña : _bAndrés Martínez, _c1896 ( _fTipografía de la Casa de la Misericordia) |
||
| 300 |
_a285 p., [1] h. de lám. ; _c20 cm. |
||
| 490 | 1 |
_aBiblioteca gallega ; _v41 |
|
| 600 | 2 | 4 |
_aNovo y García, José- _xBiografías. _9130542 |
| 651 | 4 |
_98726 _aGalicia- _xDescripción |
|
| 830 | 0 |
_aBiblioteca gallega ; _v41 _9180864 |
|
| 852 |
_aES-MaACL _jG-9205 _z-- Enc. hol. |
||
| 942 | _2udc | ||
| 999 |
_c160814 _d160814 |
||